00646 2200229 4500001002100000005001500021035002000036007000300056008004100059020002200100082001200122084001800134100003300152245005300185250001800238260006800256300003200324650001500356650001000371856001800381990001700399INLIS00000000000015220250710014519 a0010-0725000152ta250710 a 0 ind  a978-623-307-044-7 a746.662 a746.662 LES b0 aLestariningsih, Dewi Nastiti1 aBatik Tambal Anom /cDewi Nastiti Lestariningsih acetakan kedua aJakarta Timur :bBadan Pengembangan dan Pembinaan Bahasa,c2024 a24 hlm. :bIlus. ;c29,7 cm 4aSeni Batik 4aKomik aTBM As suhada aTBM202400663